MARC details
| 000 -CABECERA |
| campo de control de longitud fija |
01227nam a2200229 a 4500 |
| 001 - NÚMERO DE CONTROL |
| campo de control |
000026420 |
| 005 - FECHA Y HORA DE LA ÚLTIMA TRANSACCIÓN |
| campo de control |
20240302073950.0 |
| 008 - DATOS DE LONGITUD FIJA--INFORMACIÓN GENERAL |
| campo de control de longitud fija |
110317s1995 dr acd 001 0 spa d |
| 040 ## - FUENTE DE LA CATALOGACIÓN |
| Centro catalogador/agencia de origen |
DO-SdBNP |
| Lengua de catalogación |
spa |
| Centro/agencia transcriptor |
BNPHU |
| 082 ## - NÚMERO DE LA CLASIFICACIÓN DECIMAL DEWEY |
| Número de clasificación |
305.235 |
| Número de documento/Ítem |
C343j |
| 100 1# - ENTRADA PRINCIPAL--NOMBRE DE PERSONA |
| Nombre de persona |
Cassá, Roberto, |
| Fechas asociadas al nombre |
1948- |
| 9 (RLIN) |
10888 |
| 245 14 - MENCIÓN DE TÍTULO |
| Título |
Los jóvenes dominicanos : |
| Resto del título |
situación y tareas / |
| Mención de responsabilidad, etc. |
Roberto Cassá. |
| 260 ## - PUBLICACIÓN, DISTRIBUCIÓN, ETC. |
| Lugar de publicación, distribución, etc. |
Santo Domingo : |
| Nombre del editor, distribuidor, etc. |
Grupo de Investigación para la Acción Comunitaria, |
| Fecha de publicación, distribución, etc. |
1995. |
| 300 ## - DESCRIPCIÓN FÍSICA |
| Extensión |
149 p. ; |
| Dimensiones |
18 cm. |
| 504 ## - NOTA DE BIBLIOGRAFÍA, ETC. |
| Nota de bibliografía, etc. |
Incluye bibliografía y notas al pie de páginas. |
| 505 0# - NOTA DE CONTENIDO CON FORMATO |
| Información miscelánea |
Presentación -- |
| -- |
Introducción -- |
| Título |
Introducción al proceso histórico de la República Dominicana -- |
| -- |
La juventud en los procesos políticos -- |
| -- |
La juventud en el conjunto de la población -- |
| -- |
Nuevas funciones de la Educación -- |
| -- |
La juventud en el mundo del trabajo -- |
| -- |
Efectos de la evolución familiar -- |
| -- |
La desilución: cambios de valores y de referencias políticas -- |
| -- |
Sugerencias para la acción -- |
| Información miscelánea |
Anexos. |
| 590 ## - NOTA LOCAL (RLIN) |
| Nota local |
Inventariado, 2018/VM |
| 650 #4 - PUNTO DE ACCESO ADICIONAL DE MATERIA--TÉRMINO DE MATERIA |
| Término de materia o nombre geográfico como elemento de entrada |
Jóvenes |
| Subdivisión general |
Condiciones sociales |
| 9 (RLIN) |
1113 |
| 650 #4 - PUNTO DE ACCESO ADICIONAL DE MATERIA--TÉRMINO DE MATERIA |
| Término de materia o nombre geográfico como elemento de entrada |
Jóvenes |
| Subdivisión general |
Conducta de vida |
| 9 (RLIN) |
1114 |
| 650 #4 - PUNTO DE ACCESO ADICIONAL DE MATERIA--TÉRMINO DE MATERIA |
| Término de materia o nombre geográfico como elemento de entrada |
Jóvenes |
| Subdivisión geográfica |
República Dominicana |
| 9 (RLIN) |
1115 |
| 910 ## - DATOS DE OPCIÓN DEL USUARIO (OCLC) |
| Datos de opción del usuario |
Validado. Control de calidad EMS |